MARC details
| 000 -LEADER |
| fixed length control field |
03866cam a2200349 i 4500 |
| 001 - CONTROL NUMBER |
| control field |
17312104 |
| 003 - CONTROL NUMBER IDENTIFIER |
| control field |
EG-ScBUE |
| 005 - DATE AND TIME OF LATEST TRANSACTION |
| control field |
20241221100559.0 |
| 008 - FIXED-LENGTH DATA ELEMENTS--GENERAL INFORMATION |
| fixed length control field |
120521s2013 enka f b f001 0 eng d |
| 020 ## - INTERNATIONAL STANDARD BOOK NUMBER |
| International Standard Book Number |
1107027500 |
| 020 ## - INTERNATIONAL STANDARD BOOK NUMBER |
| International Standard Book Number |
9781107027503 |
| 040 ## - CATALOGING SOURCE |
| Original cataloging agency |
DLC |
| Language of cataloging |
eng |
| Description conventions |
rda |
| Transcribing agency |
DLC |
| Modifying agency |
EG-ScBUE |
| 082 04 - DEWEY DECIMAL CLASSIFICATION NUMBER |
| Classification number |
519.82 |
| Edition number |
22 |
| Item number |
HAR |
| 100 1# - MAIN ENTRY--PERSONAL NAME |
| Personal name |
Harchol-Balter, Mor, |
| Dates associated with a name |
1966- |
| Relator term |
author. |
| 9 (RLIN) |
38384 |
| 245 10 - TITLE STATEMENT |
| Title |
Performance modeling and design of computer systems : |
| Remainder of title |
queueing theory in action / |
| Statement of responsibility, etc |
Mor Harchol-Balter, Carnegie Mellon University, Pennsylvania. |
| 264 #1 - PUBLICATION, DISTRIBUTION, ETC. (IMPRINT) |
| Place of publication, distribution, etc |
Cambridge ; |
| -- |
New York : |
| Name of publisher, distributor, etc |
Cambridge University Press, |
| Date of publication, distribution, etc |
2013. |
| 300 ## - PHYSICAL DESCRIPTION |
| Extent |
xxiii, 548 pages : |
| Other physical details |
illustrations ; |
| Dimensions |
26 cm |
| 336 ## - CONTENT TYPE |
| Source |
rdacontent |
| Content type term |
text |
| Content type code |
txt |
| 337 ## - MEDIA TYPE |
| Source |
rdamedia |
| Media type term |
unmediated |
| Media type code |
n |
| 338 ## - CARRIER TYPE |
| Source |
rdacarrier |
| Carrier type term |
volume |
| Carrier type code |
nc |
| 504 ## - BIBLIOGRAPHY, ETC. NOTE |
| Bibliography, etc |
Includes bibliographical references and index.<br/> |
| 505 8# - FORMATTED CONTENTS NOTE |
| Formatted contents note |
Machine generated contents note: Part I. Introduction to Queueing: 1. Motivating examples; 2. Queueing theory terminology; Part II. Necessary Probability Background: 3. Probability review; 4. Generating random variables; 5. Sample paths, convergence, and averages; Part III. The Predictive Power of Simple Operational Laws: 'What If' Questions and Answers; 6. Operational laws; 7. Modification analysis; Part IV. From Markov Chains to Simple Queues: 8. Discrete-time Markov Chains; 9. Ergodicity theory; 10. Real-world examples: Google, Aloha; 11. Generating functions for Markov Chains; 12. Exponential distributions and Poisson Process; 13. Transition to continuous-time Markov Chains; 14. M/M/1 and PASTA; Part V. Server Farms and Networks: Multi-server, Multi-queue Systems: 15. Server farms: M/M/k and M/M/k/k; 16. Capacity provisioning for server farms; 17. Time-reversibility and Burke's Theorem; 18. Jackson network of queues; 19. Classed network of queues; 20. Closed networks of queues; Part VI. Real-World Workloads: High-Variability and Heavy Tails: 21. Tales of tails: real-world workloads; 22. Phase-type workloads and matrix-analytic; 23. Networks of time-sharing (PS) servers; 24. M/G/I queue and inspection paradox; 25. Task assignment for server farms; 26. Transform analysis; 27. M/G/I transform analysis; 28. Power optimization application; Part VII. Smart Scheduling: 29. Performance metrics; 30. Non-preemptive, non-size-based policies; 31. Preemptive, non-size-based policies; 32. Non-preemptive, size-based policies; 33. Preemptive, size-based policies; 34. Scheduling: SRPT and fairness. |
| 520 ## - SUMMARY, ETC. |
| Summary, etc |
"Computer systems design is full of conundrums. Tackling the questions that systems designers care about, this book brings queueing theory decisively back to computer science. The book is written with computer scientists and engineers in mind and is full of examples from computer systems, as well as manufacturing and operations research. Fun and readable, the book is highly approachable, even for undergraduates, while still being thoroughly rigorous and also covering a much wider span of topics than many queueing books. Readers benefit from a lively mix of motivation and intuition, with illustrations, examples and more than 300 exercises - all while acquiring the skills needed to model, analyze and design large-scale systems with good performance and low cost. The exercises are an important feature, teaching research-level counterintuitive lessons in the design of computer systems. The goal is to train readers not only to customize existing analyses but also to invent their own"-- |
| 650 #7 - SUBJECT ADDED ENTRY--TOPICAL TERM |
| Topical term or geographic name as entry element |
Transaction systems (Computer systems) |
| General subdivision |
Mathematical models. |
| Source of heading or term |
BUEsh |
| 650 #7 - SUBJECT ADDED ENTRY--TOPICAL TERM |
| Topical term or geographic name as entry element |
Computer systems |
| General subdivision |
Design and construction |
| -- |
Mathematics. |
| Source of heading or term |
BUEsh |
| 650 #7 - SUBJECT ADDED ENTRY--TOPICAL TERM |
| Topical term or geographic name as entry element |
Queuing theory. |
| Source of heading or term |
BUEsh |
| 650 #7 - SUBJECT ADDED ENTRY--TOPICAL TERM |
| Topical term or geographic name as entry element |
Queuing networks (Data transmission) |
| Source of heading or term |
BUEsh |
| 651 ## - SUBJECT ADDED ENTRY--GEOGRAPHIC NAME |
| Source of heading or term |
BUEsh |
| 653 ## - INDEX TERM--UNCONTROLLED |
| Resource For college |
Informatics and Computer Science |
| Arrived date list |
August2015 |
| 655 ## - INDEX TERM--GENRE/FORM |
| Form subdivision |
Reading book |
| 942 ## - ADDED ENTRY ELEMENTS (KOHA) |
| Source of classification or shelving scheme |
Dewey Decimal Classification |
| Koha item type |
Book - Borrowing |